| 000 | 00771nam a22002777a 4500 | ||
|---|---|---|---|
| 008 | 130623b xxu||||| |||| 00| 0 eng d | ||
| 020 | _a81-7888-600-6 | ||
| 024 | _cAvailable | ||
| 037 | _cAvailable | ||
| 040 |
_aMBSTU LIBRARY _dMBSTU LIBRARY |
||
| 082 |
_222 _a572.6 SUT |
||
| 100 | _aSubramanian, C | ||
| 110 | _aNondon Hazare | ||
| 245 | _aA Text book of protein and proteomics. | ||
| 250 | _a1st | ||
| 260 |
_aNew Delhi _bDominent Publishers and Distributors. _c2009 |
||
| 300 |
_a22 cm. _b283 page _f2 _g22 cm. |
||
| 600 | _2Proteins. | ||
| 650 | _2Proteins. | ||
| 700 | _aSubramanian, C | ||
| 710 | _aNondon Hazare | ||
| 270 |
_aNew Delhi _bNew Delhi _dIndia |
||
| 365 |
_b895.00 _d895.00 |
||
| 942 |
_2ddc _cBK |
||
| 999 |
_c527 _d527 |
||